[Event "Interclubs Jeunes"]
[Site "Montpellier"]
[Date "2009.11.28"]
[Round "1.7"]
[White "Raynaud, Jean-Philippe"]
[Black "Mestrallet, Yvan"]
[Result "1-0"]
[WhiteElo "1160"]
[BlackElo "1390"]
[PlyCount "70"]

1. d4 d5 2. Nf3 Nc6 3. Bf4 Nf6 4. e3 Bf5 5. Nbd2 Nb4 6. c3 Nc2+ 7. Ke2 Nxa1 8.
Qxa1 e6 9. Ke1 Bd6 10. Bg5 Be7 11. Be2 O-O 12. Ne5 Ne4 13. g4 Nxd2 14. Bxe7
Qxe7 15. gxf5 Ne4 16. Rg1 Qh4 17. Nd3 Qxh2 18. Rg4 exf5 19. Rf4 g6 20. f3 Ng3
21. Nf2 Rae8 22. e4 Qg1+ 23. Kd2 Qxa1 24. Nd3 dxe4 25. fxe4 fxe4 26. Ne5 Qxb2+
27. Kd1 Qxe2+ 28. Kc1 Qe3+ 29. Kc2 Qxf4 30. Nxg6 fxg6 31. d5 Rf5 32. d6 Qxd6
33. Kb3 Rb5+ 34. Kc2 Qd3+ 35. Kc1 Rb1# 1-0

[Event "Interclubs Jeunes"]
[Site "Montpellier"]
[Date "2009.11.28"]
[Round "1.8"]
[White "Mautin, Arthur"]
[Black "Henry, Lazare"]
[Result "1-0"]
[WhiteElo "1410"]
[BlackElo "1310"]
[PlyCount "69"]

1. e4 e6 2. d4 d5 3. exd5 exd5 4. Bd3 Nc6 5. Qe2+ Be7 6. Nf3 Nf6 7. O-O O-O 8.
Bg5 Ng4 9. Bxe7 Nxe7 10. h3 Nf6 11. Nc3 Re8 12. Qd2 Nf5 13. Rfe1 Be6 14. Bxf5
Bxf5 15. Rxe8+ Qxe8 16. Re1 Qd7 17. Re5 Ne4 18. Nxe4 Bxe4 19. c4 Bxf3 20. gxf3
Qa4 21. Qe2 Rd8 22. cxd5 h6 23. Re7 Rxd5 24. Re8+ Qxe8 25. Qxe8+ Kh7 26. Qe4+
g6 27. Qxd5 Kh8 28. Qd8+ Kg7 29. Qxc7 Kh7 30. d5 Kh8 31. d6 h5 32. d7 Kg7 33.
d8=Q b5 34. Qe5+ Kh7 35. Qdh8# 1-0

[Event "Interclubs Jeunes"]
[Site "Montpellier"]
[Date "2009.11.28"]
[Round "1.9"]
[White "Henry, Lazare"]
[Black "Raynaud, Jean-Philippe"]
[Result "1-0"]
[WhiteElo "1310"]
[BlackElo "1160"]
[PlyCount "65"]

1. e4 e5 2. f4 f6 3. fxe5 fxe5 4. Qh5+ g6 5. Qxe5+ Qe7 6. Qxh8 Nf6 7. d3 d6 8.
Bg5 Nbd7 9. Nc3 c6 10. Be2 b6 11. Bg4 Qg7 12. Qxg7 Bxg7 13. Bxd7+ Bxd7 14. Nge2
O-O-O 15. O-O Rf8 16. a4 h6 17. Bxf6 Bxf6 18. a5 Bg4 19. h3 Be6 20. axb6 a6 21.
Rxa6 Kb7 22. Ra7+ Kxb6 23. Rh7 Bg7 24. Rxg7 Rh8 25. Rxg6 Bd7 26. Rxd6 Bc8 27.
Rff6 Bxh3 28. Rxc6+ Kb7 29. gxh3 Rg8+ 30. Kh2 Ra8 31. Nd4 Ra1 32. Rf7+ Kb8 33.
Rxh6 1-0

[Event "Interclubs Jeunes"]
[Site "Montpellier"]
[Date "2009.11.28"]
[Round "1.10"]
[White "Mestrallet, Yvan"]
[Black "Mautin, Arthur"]
[Result "1-0"]
[WhiteElo "1390"]
[BlackElo "1410"]
[PlyCount "171"]

1. e4 e5 2. Nf3 Nf6 3. Nxe5 d6 4. Nd3 Nxe4 5. Qe2 Qe7 6. Nc3 Nf6 7. Qxe7+ Bxe7
8. Nf4 O-O 9. Bd3 Nc6 10. Nb5 Bd8 11. O-O a6 12. Nc3 Nb4 13. b3 Nxd3 14. Nxd3
Bf5 15. Bb2 c6 16. Ne2 Re8 17. Nef4 Nd5 18. Nh5 Bg6 19. Ndf4 Bf6 20. Bxf6 Nxf6
21. Nxf6+ gxf6 22. c4 Re4 23. g3 Rae8 24. d3 Rd4 25. Rad1 b5 26. Kg2 d5 27. c5
a5 28. a3 a4 29. bxa4 Rxa4 30. Ra1 Rea8 31. Rfe1 Kg7 32. Re7 Rxa3 33. Rxa3 Rxa3
34. Rc7 Ra6 35. Ne6+ Kh6 36. Nd8 b4 37. Rb7 Ra5 38. Nxc6 Rxc5 39. Nxb4 Kg5 40.
d4 Be4+ 41. Kh3 Kg6 42. g4 Kg5 43. Na2 Ra5 44. Nc3 Ra3 45. Rc7 Bf3 46. Kg3 Bxg4
47. f4+ Kf5 48. Kf2 Ra2+ 49. Ke3 Ra3 50. Kd2 Ke6 51. Rc6+ Ke7 52. Nxd5+ Kd7 53.
Rxf6 Be6 54. Nc3 Ra5 55. Ke3 Rf5 56. Rh6 Ke7 57. Rxh7 Ra5 58. Ke4 Ra3 59. Nb5
Ra5 60. f5 Bxf5+ 61. Kxf5 Rxb5+ 62. Ke4 Ke6 63. Rh6+ f6 64. h4 Kf7 65. d5 Ra5
66. Rh5 Kg6 67. Rh8 Kg7 68. Rc8 Ra4+ 69. Kf5 Rxh4 70. Rc7+ Kf8 71. Kxf6 Rh6+
72. Ke5 Ke8 73. d6 Kd8 74. Kd5 Rh5+ 75. Kc6 Rh6 76. Rg7 Rh8 77. Ra7 Ke8 78.
Ra8+ Kf7 79. Rxh8 Kg7 80. Rh1 Kf7 81. Re1 Kf6 82. d7 Kf7 83. d8=Q Kg7 84. Rf1
Kg6 85. Qg8+ Kh6 86. Rh1# 1-0

[Event "Interclubs Jeunes"]
[Site "Montpellier"]
[Date "2009.11.28"]
[Round "1.5"]
[White "Apap, Hugo"]
[Black "Jouanneau, Gatien"]
[Result "0-1"]
[WhiteElo "1600"]
[BlackElo "1400"]
[PlyCount "128"]

1. d4 d5 2. Bf4 Bf5 3. e3 Nf6 4. Nf3 e6 5. Nbd2 Nc6 6. c3 Qd7 7. h3 O-O-O 8.
Ne5 Nxe5 9. Bxe5 Be7 10. Be2 Rhg8 11. Qb3 Rge8 12. Bb5 c6 13. Ba6 Be4 14. f3
Bg6 15. c4 h5 16. c5 Nh7 17. Rc1 f6 18. Bd6 Bxd6 19. cxd6 bxa6 20. Qa4 Kb7 21.
Nb3 Qxd6 22. Na5+ Ka8 23. Nxc6 Rc8 24. O-O Bd3 25. Rf2 Bb5 26. Qc2 Rxc6 27. Qb1
Rxc1+ 28. Qxc1 Kb7 29. Rd2 Rc8 30. Qb1 Qb4 31. Rf2 Nf8 32. a3 Qa5 33. Kh2 e5
34. dxe5 fxe5 35. Qf5 g6 36. Qxe5 Qc7 37. Qxc7+ Rxc7 38. g4 h4 39. e4 d4 40.
Rd2 d3 41. Kg1 Rc1+ 42. Kf2 Rc2 43. Ke3 Rxd2 44. Kxd2 Kc6 45. b3 a5 46. f4 Kd6
47. g5 Kc5 48. f5 Kd4 49. fxg6 Nxg6 50. e5 Kxe5 51. Ke3 Kf5 52. b4 axb4 53.
axb4 Kxg5 54. Kd2 Kf4 55. Kd1 Kg3 56. Ke1 Kxh3 57. Kd2 Kg2 58. Ke1 h3 59. Kd2
h2 60. Kd1 h1=Q+ 61. Kd2 Kf3 62. Kc3 Qc1+ 63. Kb3 d2 64. Ka2 Bc4# 0-1

[Event "Interclubs Jeunes"]
[Site "Montpellier"]
[Date "2009.11.28"]
[Round "1.6"]
[White "Bertrand, Marin"]
[Black "Arnaud-Audiffren, Alexandre"]
[Result "0-1"]
[WhiteElo "1430"]
[BlackElo "1470"]
[PlyCount "96"]

1. e4 c5 2. Nf3 d6 3. d4 cxd4 4. Nxd4 Nf6 5. Nc3 g6 6. Bg5 Bg7 7. Bb5+ Bd7 8.
O-O O-O 9. f4 Bxb5 10. Ndxb5 Qb6+ 11. Qd4 Qxd4+ 12. Nxd4 Nxe4 13. Ndb5 Nxc3 14.
bxc3 f6 15. Bh4 Rc8 16. Rfe1 a6 17. Nd4 e5 18. fxe5 dxe5 19. Ne6 Rxc3 20. Rac1
Bh6 21. Rb1 g5 22. Bf2 b5 23. Bc5 Nd7 24. Bb4 Rxc2 25. Red1 Nf8 26. Nd8 a5 27.
Be7 Rxa2 28. Rd6 Bg7 29. Rxb5 Rc8 30. h3 Rcc2 31. Bxf6 Rxg2+ 32. Kh1 Rge2 33.
Rb1 Bxf6 34. Rxf6 Rh2+ 35. Kg1 Rxh3 36. Ne6 Nxe6 37. Rxe6 Rg3+ 38. Kh1 Rf3 39.
Rxe5 h6 40. Re6 Raf2 41. Rxh6 Rf1+ 42. Rxf1 Rxf1+ 43. Kg2 Rf5 44. Ra6 Kf7 45.
Kg3 Ke7 46. Kg4 Rc5 47. Kg3 Kd7 48. Kg4 Kc7 0-1

[Event "Interclubs Jeunes"]
[Site "Montpellier"]
[Date "2009.11.29"]
[Round "2.5"]
[White "Caslani, Nicolas"]
[Black "Jouanneau, Gatien"]
[Result "1-0"]
[WhiteElo "1495"]
[BlackElo "1400"]
[PlyCount "47"]

1. e4 e5 2. Nf3 Nc6 3. Bc4 Bc5 4. d3 d6 5. Nc3 Nf6 6. Bg5 h6 7. Bh4 g5 8. Bg3
Bg4 9. Bb5 d5 10. Bxe5 d4 11. Nd5 Rc8 12. Nxf6+ Kf8 13. Nxg4 Nxe5 14. Ngxe5 c6
15. Bc4 Rc7 16. h4 Qf6 17. Ng4 Qg7 18. hxg5 hxg5 19. Ke2 Rxh1 20. Qxh1 f5 21.
exf5 Re7+ 22. Be6 Rxe6+ 23. fxe6 Qe7 24. Qh8# 1-0

[Event "Interclubs Jeunes"]
[Site "Montpellier"]
[Date "2009.11.29"]
[Round "2.6"]
[White "Bertrand, Marin"]
[Black "Colin, Enzo"]
[Result "0-1"]
[WhiteElo "1430"]
[BlackElo "1630"]
[PlyCount "100"]

1. e4 d6 2. d4 Nf6 3. Nc3 g6 4. Nf3 Bg7 5. Bg5 c6 6. Be2 b5 7. e5 dxe5 8. Nxe5
Nd5 9. Nxd5 cxd5 10. Bxb5+ Kf8 11. Bf4 Qa5+ 12. Bd2 Qxb5 13. b3 Nc6 14. Nxc6
Qxc6 15. Be3 Bf5 16. Rc1 Qc3+ 17. Qd2 Qxd2+ 18. Bxd2 Bxd4 19. O-O Kg7 20. Rfe1
Rhe8 21. c3 Bf6 22. Be3 a6 23. Rcd1 Rad8 24. Bb6 Rd6 25. Bc5 Rc6 26. b4 e6 27.
f3 Bd8 28. g4 Bxg4 29. fxg4 Bb6 30. Bxb6 Rxb6 31. Kf2 Kf6 32. Kf3 Rd6 33. Kf4
e5+ 34. Kf3 e4+ 35. Ke3 Ke5 36. Rf1 f5 37. gxf5 gxf5 38. Rf4 Rc8 39. Rh4 h6 40.
Rh5 Rg8 41. a3 Rg5 42. Rh4 Rf6 43. Rf4 Rg4 44. Rxg4 fxg4 45. Rg1 Rf3+ 46. Kd2
e3+ 47. Ke2 Kf4 48. a4 Rf2+ 49. Ke1 Ra2 50. a5 Ra1+ 0-1

[Event "Interclubs Jeunes"]
[Site "Montpellier"]
[Date "2009.11.29"]
[Round "2.7"]
[White "Mautin, Arthur"]
[Black "Apap, Titouan"]
[Result "0-1"]
[WhiteElo "1410"]
[BlackElo "1440"]
[PlyCount "90"]

1. d4 d5 2. Nf3 Nf6 3. Bf4 Bf5 4. e3 Nc6 5. c3 e6 6. Nbd2 Bd6 7. Bg5 O-O 8. Bb5
h6 9. Bh4 Be7 10. h3 Ne4 11. Bxe7 Qxe7 12. Nxe4 dxe4 13. Bxc6 bxc6 14. Ne5 c5
15. f3 Qh4+ 16. Kf1 Rad8 17. Qe1 Qh5 18. Rd1 exf3 19. Nxf3 c4 20. Qg3 c5 21.
Kf2 cxd4 22. Rxd4 Rxd4 23. cxd4 Bd3 24. Rd1 Qb5 25. Rd2 f5 26. Qe5 Qe8 27. Ne1
Be4 28. Kg1 Rf6 29. g4 Rg6 30. Qf4 Rg5 31. Nf3 Rg6 32. Kh2 Qc6 33. Kg3 fxg4 34.
Ne5 gxh3+ 35. Kxh3 Bg2+ 36. Kh4 Rg4+ 37. Nxg4 g5+ 38. Qxg5+ hxg5+ 39. Kxg5 Qd5+
40. Ne5 Qd8+ 41. Kf4 Qh4+ 42. Ng4 Bh3 43. Kf3 Qxg4+ 44. Kf2 Qg2+ 45. Ke1 Qf1#
0-1

[Event "Interclubs Jeunes"]
[Site "Montpellier"]
[Date "2009.11.29"]
[Round "2.8"]
[White "Garello, Titouan"]
[Black "Barbe Asensio, Cyrielle"]
[Result "0-1"]
[WhiteElo "1220"]
[BlackElo "1260"]
[PlyCount "120"]

1. d4 b6 2. Nf3 Bb7 3. Bf4 e6 4. e4 Bxe4 5. Nbd2 Bb7 6. Be2 Bb4 7. O-O Bxd2 8.
Qxd2 Nf6 9. Rfe1 O-O 10. Qe3 Re8 11. Bg5 d6 12. Qf4 Nbd7 13. Bc4 a6 14. Qh4
Bxf3 15. gxf3 c5 16. dxc5 bxc5 17. Bd3 g6 18. Qg4 Nxg4 19. Bxd8 Rexd8 20. fxg4
a5 21. Rad1 Rab8 22. b3 Rb4 23. f3 Ne5 24. Re3 Nxd3 25. Rexd3 d5 26. c4 d4 27.
Re3 Rb7 28. Kf2 Kg7 29. Red3 Kf6 30. f4 g5 31. Kf3 h6 32. h3 gxf4 33. Kxf4 Rbd7
34. h4 e5+ 35. Ke4 Rg8 36. Rf1+ Ke6 37. Rg1 Kf6 38. Rg2 h5 39. g5+ Ke6 40. a3
f6 41. g6 f5+ 42. Kf3 e4+ 43. Ke2 exd3+ 44. Kxd3 f4 45. Re2+ Kf5 46. Rf2 Rxg6
47. Kd2 Rg3 48. Kc2 d3+ 49. Kd2 Kg4 50. a4 Kxh4 51. Kd1 Kg4 52. Kd2 h4 53. Kd1
h3 54. Kd2 f3 55. Kd1 d2 56. Rf1 h2 57. Rh1 f2 58. Rf1 Rg1 59. Rxg1+ fxg1=Q+
60. Kc2 Qc1# 0-1

[Event "Interclubs Jeunes"]
[Site "Montpellier"]
[Date "2009.11.29"]
[Round "2.9"]
[White "Barbe Asensio, Cyrielle"]
[Black "Mautin, Arthur"]
[Result "0-1"]
[WhiteElo "1260"]
[BlackElo "1410"]
[PlyCount "86"]

1. b3 e5 2. Bb2 Nc6 3. e3 d5 4. Bb5 Bd6 5. Bxc6+ bxc6 6. Ne2 Nf6 7. O-O O-O 8.
d3 Re8 9. Nd2 Bf5 10. Ng3 Qd7 11. Qf3 Bg4 12. Qxf6 gxf6 13. f3 Bf5 14. Nh5 Qe6
15. Rad1 e4 16. Nxf6+ Kf8 17. Nxe8 Rxe8 18. f4 Qg6 19. g3 exd3 20. cxd3 Bxd3
21. Rf2 Bc5 22. Rf3 Bb4 23. Bc1 Bxd2 24. Bxd2 Qg4 25. Kg2 Be4 26. Rdf1 Bxf3+
27. Rxf3 Qf5 28. Bb4+ Kg8 29. h3 Qc2+ 30. Rf2 Qe4+ 31. Rf3 Qxb4 32. Rf2 Rxe3
33. h4 Qe4+ 34. Kg1 Rxg3+ 35. Kf1 Rf3 36. Rxf3 Qxf3+ 37. Ke1 Qg2 38. Kd1 Kg7
39. Ke1 Kf6 40. Kd1 Kf5 41. Ke1 Ke4 42. Kd1 Kd3 43. Ke1 Qe2# 0-1

[Event "Interclubs Jeunes"]
[Site "Montpellier"]
[Date "2009.11.29"]
[Round "2.10"]
[White "Apap, Titouan"]
[Black "Garello, Titouan"]
[Result "1-0"]
[WhiteElo "1440"]
[BlackElo "1220"]
[PlyCount "109"]

1. d4 d5 2. Bf4 c6 3. Nc3 Bf5 4. Nf3 Nf6 5. e3 e6 6. Bd3 Be4 7. O-O Nbd7 8.
Bxe4 Nxe4 9. Qd3 Ndf6 10. a3 Be7 11. b4 O-O 12. h3 Nxc3 13. Qxc3 Ne4 14. Qb3
Bh4 15. Rab1 Qb6 16. a4 a5 17. Nxh4 Nd2 18. bxa5 Qxb3 19. cxb3 Nxf1 20. Kxf1
Rxa5 21. Ra1 b5 22. Bd6 Rfa8 23. Bb4 R5a6 24. a5 g5 25. Nf3 h6 26. Bd2 f6 27.
g4 Kg7 28. b4 Kg6 29. h4 h5 30. gxh5+ Kxh5 31. hxg5 fxg5 32. e4 g4 33. Ng5 dxe4
34. Nxe4 Kg6 35. Nc5 R6a7 36. Nxe6 Kf6 37. Re1 Re8 38. Bg5+ Kf7 39. Nc5 Rxe1+
40. Kxe1 Kg6 41. Bd8 Ra8 42. Bb6 Kf5 43. a6 Re8+ 44. Kf1 Kf4 45. Bd8 Kf3 46.
Bc7 Rf8 47. a7 Rg8 48. Bb8 g3 49. a8=Q gxf2 50. Qxc6+ Ke3 51. Qe4+ Kd2 52. Bf4+
Kc3 53. Qd3+ Kxb4 54. Qb3+ Ka5 55. Bc7# 1-0

[Event "Interclubs Jeunes"]
[Site "Montpellier"]
[Date "29.??.??"]
[Round "3.5"]
[White "Apap, Hugo"]
[Black "Caslani, Nicolas"]
[Result "0-1"]
[WhiteElo "1600"]
[BlackElo "1495"]
[PlyCount "92"]
[EventDate "29.??.??"]
[WhiteTeam "Montpellier"]
[BlackTeam "Lyon"]

1. d4 Nf6 2. Bf4 g6 3. e3 Bg7 4. Nf3 d6 5. Nbd2 O-O 6. h3 Nc6 7. c3 Nd5 8. Bh2
e5 9. c4 Nb6 10. d5 Ne7 11. Qc2 f5 12. Nb3 Bd7 13. Be2 Bh6 14. O-O Qc8 15. a4
Bxa4 16. Ra2 a6 17. Rfa1 Bd7 18. Nbd2 g5 19. e4 f4 20. b4 g4 21. hxg4 Bxg4 22.
c5 dxc5 23. Qxc5 Ng6 24. d6 Rf7 25. b5 Bf8 26. bxa6 Bxd6 27. axb7 Qxb7 28.
Rxa8+ Nxa8 29. Qa5 Nb6 30. Nc4 Rg7 31. Nxb6 cxb6 32. Qa8+ Qxa8 33. Rxa8+ Kf7
34. Ng5+ Kf6 35. Nxh7+ Rxh7 36. Bxg4 Bc5 37. g3 Bxf2+ 38. Kxf2 Rxh2+ 39. Kf3
fxg3 40. Kxg3 Rb2 41. Bf5 Ne7 42. Bg4 Rb1 43. Rf8+ Kg5 44. Rf7 Rg1+ 45. Kf3
Rf1+ 46. Ke3 Rxf7 0-1

[Event "Interclubs Jeunes"]
[Site "Montpellier"]
[Date "2009.11.29"]
[Round "3.6"]
[White "Guedon, Sosthene"]
[Black "Arnaud-Audiffren, Alexandre"]
[Result "1-0"]
[WhiteElo "1579"]
[BlackElo "1470"]
[PlyCount "41"]

1. e4 c5 2. Nf3 d6 3. d4 cxd4 4. Nxd4 Nf6 5. Nc3 g6 6. Be3 Bg7 7. f3 O-O 8. Qd2
Re8 9. Bc4 Nc6 10. O-O-O Bd7 11. h4 Ne5 12. Bb3 Rc8 13. h5 Nc4 14. Bxc4 Rxc4
15. hxg6 fxg6 16. Bh6 Bh8 17. Nb3 Be6 18. e5 Rxc3 19. Qxc3 Nd7 20. f4 dxe5 21.
Nc5 1-0

[Event "Interclubs Jeunes"]
[Site "Montpellier"]
[Date "29.??.??"]
[Round "3.7"]
[White "Apap, Titouan"]
[Black "Mestrallet, Yvan"]
[Result "0-1"]
[WhiteElo "1440"]
[BlackElo "1390"]
[PlyCount "69"]
[EventDate "29.??.??"]
[WhiteTeam "Montpellier"]
[BlackTeam "Lyon"]

1. d4 d5 2. Bf4 Bf5 3. Nc3 Nf6 4. Nf3 e6 5. Nb5 Bd6 6. Nxd6+ cxd6 7. e3 Ne4 8.
Bd3 Bg4 9. O-O O-O 10. h3 Bh5 11. Be2 h6 12. Nd2 Nxd2 13. Qxd2 Bxe2 14. Qxe2
Qb6 15. Rab1 Rd8 16. Qg4 Nd7 17. Bxh6 g6 18. Qh4 Rac8 19. Bg5 Re8 20. c3 f6 21.
Bxf6 Nxf6 22. Qxf6 Kh7 23. f4 Rc7 24. Rf3 Ree7 25. Rg3 Rg7 26. Qh4+ Kg8 27. Rg4
Rxc3 28. b3 Kf7 29. Kh2 Rxe3 30. Re1 Qxd4 31. Qf2 Rxh3+ 32. Kg1 Rh1+ 33. Kxh1
Qxf2 34. Rc1 Rh7+ 35. Rh4 0-1

[Event "Interclubs Jeunes"]
[Site "Montpellier"]
[Date "2009.11.29"]
[Round "3.8"]
[White "Barbe Asensio, Cyrielle"]
[Black "Henry, Lazare"]
[Result "0-1"]
[WhiteElo "1260"]
[BlackElo "1310"]
[PlyCount "54"]

1. b3 e5 2. Bb2 Nc6 3. e3 a6 4. Bc4 Nf6 5. a4 d5 6. Be2 Bd6 7. d3 O-O 8. Nf3
Bg4 9. h3 Bxf3 10. Bxf3 d4 11. e4 Nd7 12. O-O f5 13. Nd2 f4 14. Nc4 Qe7 15. Re1
Na7 16. Bg4 b5 17. Nxd6 Qxd6 18. Bxd7 Qxd7 19. Ba3 Rf6 20. Bc5 Rg6 21. Qf3 Nc6
22. Ba3 Nd8 23. Rac1 Ne6 24. c3 Ng5 25. Qg4 Nxh3+ 26. Qxh3 Qxh3 27. g3 fxg3 0-1

[Event "Interclubs Jeunes"]
[Site "Montpellier"]
[Date "2009.11.29"]
[Round "3.9"]
[White "Henry, Lazare"]
[Black "Apap, Titouan"]
[Result "0-1"]
[WhiteElo "1310"]
[BlackElo "1440"]
[PlyCount "72"]

1. e3 d5 2. d4 Nc6 3. c4 e6 4. Nc3 Nf6 5. Nf3 Bd7 6. Ne5 Bd6 7. Nxc6 Bxc6 8. c5
Be7 9. Bd3 O-O 10. Qf3 b6 11. Qh3 h6 12. Qg3 bxc5 13. e4 c4 14. Bxh6 g6 15. e5
Ne4 16. Nxe4 Bb4+ 17. Nc3 Bxc3+ 18. bxc3 cxd3 19. Bg5 Qb8 20. Bf6 Qb2 21. Qe3
Qxa1+ 22. Kd2 Qxa2+ 23. Kxd3 Bb5+ 24. c4 Bxc4+ 25. Kc3 Rab8 26. Rb1 Rb3+ 27.
Rxb3 Qxb3+ 28. Kd2 Qb2+ 29. Ke1 Qb1+ 30. Kd2 Rb8 31. Qg5 Rb2+ 32. Ke3 Qe1+ 33.
Kf3 Be2+ 34. Kg3 Rb3+ 35. Kh4 Qxf2+ 36. g3 Qxh2# 0-1

[Event "Interclubs Jeunes"]
[Site "Montpellier"]
[Date "2009.11.29"]
[Round "3.10"]
[White "Mestrallet, Yvan"]
[Black "Barbe Asensio, Cyrielle"]
[Result "1-0"]
[WhiteElo "1390"]
[BlackElo "1260"]
[PlyCount "85"]

1. e4 b6 2. Nc3 Bb7 3. Nf3 e6 4. d4 Bb4 5. Bd3 Ne7 6. Bg5 O-O 7. O-O h6 8. Bh4
d6 9. a3 Bxc3 10. bxc3 Nd7 11. c4 f6 12. Re1 Rc8 13. e5 dxe5 14. dxe5 fxe5 15.
Nxe5 Nxe5 16. Rxe5 Qd7 17. Qg4 Rb8 18. Bxe7 Qxe7 19. Rxe6 Qd7 20. Bf5 Qf7 21.
f3 Qxf5 22. Qxf5 Rxf5 23. Kf2 Kf7 24. Rae1 Rf6 25. Re7+ Kg6 26. Rxc7 Rf7 27.
Re6+ Rf6 28. Ree7 Rc6 29. Rxg7+ Kf6 30. Rgf7+ Ke6 31. Rxb7 Rxb7 32. Rxb7 Rxc4
33. Rxa7 Rxc2+ 34. Kg3 Kf5 35. h4 Kg6 36. Ra6 Rc6 37. a4 Rc3 38. a5 Ra3 39.
Rxb6+ Kh5 40. Kf4 Ra4+ 41. Kg3 Rxa5 42. Kh3 Ra4 43. g4+ 1-0

[Event "Interclubs Jeunes"]
[Site "Créteil"]
[Date "28/11/2009"]
[Round "1.7"]
[White "Ek, Bora"]
[Black "O'Sullivan, Thomas"]
[Result "1-0"]
[WhiteElo "1360"]
[BlackElo "1690"]
[WhiteTeam "Villepinte"]
[BlackTeam "A.E.C.E."]

1. e4 e6 2. d4 d5 3. e5 c5 4. c3 Nc6 5. Nf3 Qb6 6. Bd3 cxd4 7. cxd4 f6 8. exf6
Nxf6 9. O-O Be7 10. Bc2 O-O 11. Nc3 a6 12. Ne2 Qc7 13. Ng3 Bd7 14. Bg5 Rf7 15.
Bxf6 Rxf6 16. Qd3 Rh6 17. h3 Nb4 18. Qc3 Qxc3 19. bxc3 Nxc2 20. Rac1 Na3 21.
Ne5 Bc6 22. Rfe1 Bg5 23. Rcd1 Ba4 24. Rd3 Bb5 25. Rf3 Rf8 26. Rxf8+ Kxf8 27.
Nf3 Be7 28. Nh2 Rg6 29. Re3 Bd6 30. Rf3+ Ke7 31. Ng4 Bc6 32. Re3 Bxg3 33. fxg3
Nc4 34. Re1 h5 35. Nh2 Rxg3 36. Nf1 Rxc3 37. Kh2 Rd3 38. Ng3 g6 39. Kg1 Rxg3
40. Kf2 Ra3 41. g4 Rxh3 42. gxh5 gxh5 43. Rg1 Rh2+ 44. Kg3 Rxa2 45. Kh4 b5 46.
Kxh5 b4 47. Rg7+ Kd6 48. Rg1 b3 49. Rb1 Rb2 50. Ra1 a5 51. Kg4 a4 52. Kf3 a3
53. Kf4 a2 54. Rh1 Rb1 55. Rxb1 axb1=Q 0-1

[Event "Interclubs Jeunes"]
[Site "Créteil"]
[Date "28/11/2009"]
[Round "1.8"]
[White "Le Menelec, Alan-Long"]
[Black "Boudia, Rayan"]
[Result "1/2-1/2"]
[WhiteElo "1210"]
[BlackElo "1500"]
[WhiteTeam "Villepinte"]
[BlackTeam "A.E.C.E."]

1. e4 e6 2. d4 d5 3. exd5 exd5 4. Bd3 c6 5. Bf4 Bd6 6. Ne2 Ne7 7. Qd2 O-O 8.
O-O Re8 9. Bxd6 Qxd6 10. Nf4 Bf5 11. Bxf5 Nxf5 12. Na3 Re4 13. Ne2 Nd7 14. c3
Rae8 15. Rae1 Qe7 16. Ng3 Rxe1 17. Nxf5 Rxf1+ 18. Kxf1 Qf6 19. Ng3 Qh4 20. h3
Nf6 21. Kg1 Ne4 22. Qe3 Qe7 23. Nxe4 Qxe4 {....} 0-1

[Event "Interclubs Jeunes"]
[Site "Créteil"]
[Date "28/11/2009"]
[Round "1.9"]
[White "O'Sullivan, Thomas"]
[Black "Le Menelec, Alan-Long"]
[Result "0-1"]
[WhiteElo "1690"]
[BlackElo "1210"]
[WhiteTeam "A.E.C.E."]
[BlackTeam "Villepinte"]

1. d4 d5 2. c4 c6 3. Nc3
Nf6 4. Nf3 Nbd7 5. Bg5 h6 6. Bh4 e6 7. e3 Be7 8. Be2 Qb6 9. Qc2 O-O 10. O-O Bb4
11. Rfe1 Bxc3 12. Qxc3 Ne4 13. Qc2 c5 14. Bd3 Qc6 15. Nd2 Nxd2 16. Qxd2 Nb6 17.
Rac1 cxd4 18. cxd5 Qxd5 19. exd4 Qxa2 20. Re3 Bd7 21. Rg3 h5 22. Qh6 g6 23.
Rxg6+ fxg6 24. Qxg6+ Kh8 25. Qh7# 1-0

[Event "Interclubs Jeunes"]
[Site "Créteil"]
[Date "29/11/2009"]
[Round "2.8"]
[White "Le, Quan Anh"]
[Black "Le Menelec, Alan-Long"]
[Result "1-0"]
[WhiteElo "1380"]
[BlackElo "1210"]
[WhiteTeam "Créteil"]
[BlackTeam "Villepinte"]

1. e4 e5 2. Nf3 Nc6 3. Bc4 Bc5 4. Nc3 Nf6 5. d3 d6 6. Be3 Bb6 7. h3 Be6 8. Bb3
h6 9. Bxe6 fxe6 10. O-O O-O 11. Bxb6 axb6 12. d4 exd4 13. Nxd4 Qd7 14. f3 e5
15. Nxc6 Qxc6 16. Nd5 Qc5+ 17. Kh1 Nxd5 18. Qxd5+ Qxd5 19. exd5 c6 20. c4 cxd5
21. cxd5 Rfc8 22. a3 Rc5 23. Rad1 Rc2 24. Rb1 Ra5 25. Rfd1 Re2 26. Kh2 e4 27.
fxe4 Rxe4 28. Rd3 Rb5 29. b4 Re5 30. Rbd1 Re4 31. Rd4 Re2 32. a4 Rxb4 33. Rxb4
Ra2 34. Rxb6 Rxa4 35. Rxb7 Ra6 36. Rc1 Kf8 37. Rc8# 1-0

[Event "Interclubs Jeunes"]
[Site "Créteil"]
[Date "29/11/2009"]
[Round "2.9"]
[White "Le Menelec, Alan-Long"]
[Black "Chosson, Julien"]
[Result "1-0"]
[WhiteElo "1210"]
[BlackElo "1380"]
[WhiteTeam "Villepinte"]
[BlackTeam "Créteil"]

1. e4 c5 2. Nf3 Nc6 3. Nc3 e5 4. Bc4 d6 5. d3 Nf6 6. Ng5 d5 7. exd5 Nd4 8. d6
Ne6 9. Nxe6 Bxe6 10. Bb5+ Bd7 11. Bg5 Bxd6 12. Bxf6 Qxf6 13. Bxd7+ Kxd7 14.
Qg4+ Ke8 15. Qa4+ Kd8 16. O-O Qh6 17. g3 Qg6 18. Ne4 h5 19. Nxd6 Qxd6 20. Qb3
Qd7 21. Rfe1 Re8 22. Qc4 Rc8 23. Qh4+ Qe7 24. Qxh5 g6 25. Qh4 Qxh4 26. gxh4 Kc7
27. Re2 Kb8 28. Rae1 f6 29. f4 e4 30. Rxe4 Rxe4 31. Rxe4 Rh8 32. Re6 Rxh4 33.
Rxf6 Rg4+ 34. Kf2 g5 35. Kf3 Rxf4+ 36. Rxf4 gxf4 37. Kxf4 Kc7 38. h4 Kd7 39. h5
Ke7 40. Kg5 Kf7 41. h6 Kg8 42. Kg6 Kh8 43. c3 b6 44. d4 cxd4 45. cxd4 1-0

[Event "Interclubs Jeunes"]
[Site "Créteil"]
[Date "29/11/2009"]
[Round "2.10"]
[White "Ek, Bora"]
[Black "Le, Quan Han"]
[Result "1-0"]
[WhiteElo "1360"]
[BlackElo "1490"]
[WhiteTeam "Villepinte"]
[BlackTeam "Créteil"]

1. e4 e5 2. Nf3 Nc6 3. Bc4 Nf6 4. d3 Bc5 5. Nc3 d6 6. h3 Be6 7. Bb3 Qd7 8. Be3
Bb6 9. Qd2 O-O-O 10. Bxb6 cxb6 11. O-O h6 12. Nd5 Nxd5 13. exd5 Nd4 14. Nxd4
exd4 15. dxe6 fxe6 16. Rfe1 e5 17. c3 g5 18. cxd4 exd4 19. Be6 g4 20. Bxd7+
Rxd7 21. hxg4 h5 22. Rac1+ Kb8 23. Qf4 hxg4 24. Qxg4 Rdh7 25. f3 Rh1+ 26. Kf2
R1h4 27. Rc8+ Rxc8 28. Qxh4 Rc2+ 29. Re2 Rc8 30. Qxd4 Rc6 31. Re8+ Rc8 32.
Qxd6+ 1-0

[Event "Interclubs Jeunes"]
[Site "Créteil"]
[Date "29/11/2009"]
[Round "3.5"]
[White "O'Sullivan, Nicolas"]
[Black "Guerlach, Keigo"]
[Result "1-0"]
[WhiteElo "1490"]
[BlackElo "1640"]
[WhiteTeam "A.E.C.E."]
[BlackTeam "Créteil"]

1. d4 d5 2. c4 e6 3. a3 c6 4. Nf3 a6 5. Nc3 dxc4 6. e4 b5 7. Bf4 Bb7 8. a4 Nf6
9. Bg5 Be7 10. Bxf6 Bxf6 11. e5 Be7 12. Be2 O-O 13. O-O Nd7 14. Re1 Nb6 15. Qd2
Qd7 16. a5 Nd5 17. h3 h6 18. Bf1 Rfe8 19. Red1 Rad8 20. Qc2 Rc8 21. b3 cxb3 22.
Qxb3 Red8 23. Ne4 Qc7 24. Rac1 Qxa5 25. Ra1 Qb6 26. Qb2 Rd7 27. Rd2 Rcd8 28.
Rad1 a5 29. Bd3 a4 30. Bb1 Qa5 31. Nc5 Bxc5 32. dxc5 Qc7 33. Qc2 Ne7 34. Rd6
Ng6 35. Qe2 Rxd6 36. exd6 Qd7 37. Nd4 Nf4 38. Qg4 e5 39. Bf5 Qe8 40. Re1 a3 41.
Nb3 Bc8 42. Bxc8 h5 43. Qg5 Rxc8 44. Rxe5 Qf8 45. Qxf4 Ra8 46. Qe4 a2 47. Qd4
Ra4 48. Qb2 Ra7 49. Na1 f6 50. Re6 Kh8 51. Qe2 Qf7 52. Re8+ Kh7 53. Qd3+ g6 54.
Qe3 Qc4 55. Re7+ Rxe7 56. dxe7 Qb4 57. e8=Q Qb1+ 58. Kh2 Qf5 59. Qf7+ Kh8 60.
Qh6# 1-0

[Event "Interclubs Jeunes"]
[Site "Créteil"]
[Date "29/11/2009"]
[Round "3.8"]
[White "Boudia, Rayan"]
[Black "Le, Quan Anh"]
[Result "1-0"]
[WhiteElo "1500"]
[BlackElo "1380"]
[WhiteTeam "A.E.C.E."]
[BlackTeam "Créteil"]

1. d4 d5 2. c4 e6 3. Nc3 Nf6 4. Nf3 Nbd7 5. cxd5 exd5 6. Bg5 Be7 7. e3 c6 8.
Be2 O-O 9. O-O Re8 10. Re1 Nf8 11. h3 Ng6 12. Bd3 Ne4 13. Bxe7 Rxe7 14. Bxe4
dxe4 15. Nd2 f5 16. f3 exf3 17. Nxf3 Rf7 18. Qb3 Qe8 19. Ng5 Be6 20. Qxe6 Qxe6
21. Nxe6 Re7 22. Nf4 Nxf4 23. exf4 Rae8 24. Rxe7 Rxe7 25. Rd1 h6 26. d5 cxd5
27. Nxd5 Re2 28. Rb1 Kh7 29. Kf1 Rd2 30. Ne7 g6 31. a3 Kg7 32. Nc8 a6 33. b4
Ra2 34. Rc1 Rxa3 35. Rc7+ Kf6 36. Rxb7 g5 37. Rb6+ Kf7 38. Nd6+ Kg7 39. Nxf5+
Kf7 40. Nxh6+ Ke7 41. fxg5 Ra4 42. Nf5+ Kf7 43. g6+ Ke8 44. Rb7 Ra1+ 45. Kf2
Ra2+ 46. Kg1 Ra1+ 47. Kh2 Rf1 48. Nd6+ Kf8 49. Rf7+ Rxf7 50. gxf7 Ke7 51. g4
Kf8 52. g5 Kg7 53. h4 Kf8 54. g6 Kg7 55. h5 Kf8 56. h6 Ke7 57. g7 Kxd6 58.
f8=Q+ Kd5 59. Qe7 Kd4 60. g8=Q a5 61. Qgd8+ Kc4 62. Qec7+ Kb3 63. Qd3+ 1-0